00668cam a22002177a 450000500170000000800410001701000100005801100100006803500100007809000100008810000240009824500480012250000470017059000410021759000410025859000420029965000460034190100070038794900390039499900170043320220329141126.0971010s r 00010 d a63015 a63987 a68951 aR-12700aKirby, R. S.96333014aThe take-all disease of cereals and grasses aSobretiro de: Phytopathology, 12 (2): 1922 aBATCH-UPDb10c20130110lUCH01h0108 aBATCH-UPDb10c20130110lUCH01h2157 aCONVERSIONb10c20130109lUCH01h133414aCerealesxEnfermedades por hongos.921413 aBK aR-127bPAcRd-1112eTS1i68951si c63015d63015